[Event "EU-chT Seniors 50"]
[Site "Dresden"]
[Date "2022.10.27"]
[Round "1.4"]
[White "Kribben, Matthias"]
[Black "Slama, Holger"]
[Result "1-0"]
[WhiteElo "2058"]
[BlackElo "1936"]
[PlyCount "41"]
[EventDate "2022.10.27"]
[EventType "team-swiss"]
[EventRounds "9"]
[EventCountry "GER"]
[SourceTitle "EXT 2024"]
[Source "ChessBase"]
[SourceDate "2023.10.10"]
[SourceVersion "1"]
[SourceVersionDate "2023.10.10"]
[SourceQuality "1"]
[WhiteTeam "Berlin 50"]
[BlackTeam "D5 aus dem Elbland 50"]
[WhiteTeamCountry "GER"]
[BlackTeamCountry "GER"]

1. e4 c5 2. Nf3 Nc6 3. Bb5 e6 4. 0-0 Nf6 5. Re1 Qc7 6. c3 Be7 7. d4 cxd4 8. cxd4 Nb4 9. Nc3 0-0 10. Bg5 a6 11. Bf1 d6 12. Rc1 Qd7 13. Qb3 Nc6 14. Na4 Qd8 15. d5 Na7 16. Nb6 Rb8 17. Nxc8 Nxc8 18. dxe6 fxe6 19. Qxe6+ Kh8 20. e5 dxe5 21. Nxe5 1-0

[Event "Berlin-ch Seniors op 36th"]
[Site "Berlin"]
[Date "2020.02.04"]
[Round "7.19"]
[White "Kribben, Matthias"]
[Black "Kohlmeyer, Dagobert"]
[Result "1-0"]
[WhiteElo "2100"]
[BlackElo "1800"]
[PlyCount "107"]
[EventDate "2020.01.28"]
[EventType "swiss"]
[EventRounds "9"]
[EventCountry "GER"]
[SourceTitle "EXT 2024"]
[Source "ChessBase"]
[SourceDate "2023.10.10"]
[SourceVersion "1"]
[SourceVersionDate "2023.10.10"]
[SourceQuality "1"]

1. e4 e6 2. d4 d5 3. exd5 exd5 4. Bd3 c5 5. dxc5 Bxc5 6. Nf3 Nf6 7. 0-0 0-0 8. Bg5 Qd6 9. Nc3 Nbd7 10. Bf5 d4 11. Bxd7 dxc3 12. Qxd6 Bxd6 13. Bxf6 cxb2 14. Bxb2 Bxd7 15. Rfd1 Bxh2+ 16. Kxh2 Bg4 17. Rd4 Bxf3 18. gxf3 Rfe8 19. Rad1 h6 20. f4 Rac8 21. R1d2 b6 22. Rd7 a5 23. f3 b5 24. Rg2 g6 25. f5 Rc6 26. fxg6 fxg6 27. Rg7+ Kf8 28. R7xg6 Rxg6 29. Rxg6 Re2+ 30. Rg2 Re1 31. Bg7+ Kf7 32. Bxh6 Ra1 33. c3 a4 34. Be3 Ke6 35. Rd2 Re1 36. Bc5 Rc1 37. Bb4 Ke5 38. Kg3 Rg1+ 39. Kf2 Rb1 40. Ke3 Re1+ 41. Kd3 Rf1 42. Ke2 Rb1 43. Bd6+ Ke6 44. Ba3 Rh1 45. Rb2 Rh5 46. f4 Rh3 47. Rxb5 Rh2+ 48. Kd3 Rxa2 49. Bb4 Rf2 50. f5+ Kf6 51. Ra5 Ra2 52. c4 Rf2 53. Bc3+ Kf7 54. Ra7+ 1-0

[Event "GER-chT11-A email"]
[Site "GER email"]
[Date "2015.10.15"]
[Round "?.1"]
[White "Moll, Reinhard"]
[Black "Kribben, Matthias"]
[Result "1/2-1/2"]
[WhiteElo "2603"]
[BlackElo "2661"]
[PlyCount "36"]
[EventDate "2015.??.??"]
[EventType "tourn (corr)"]
[EventRounds "8"]
[EventCountry "GER"]
[SourceTitle "Corr 2017"]
[Source "ChessBase"]
[SourceDate "2017.09.19"]
[SourceVersion "1"]
[SourceVersionDate "2017.09.19"]
[SourceQuality "1"]
[WhiteTeam "SG Freibauer Luebbecke"]
[BlackTeam "SC Zitadelle Spandau"]

1. d4 Nf6 2. c4 e6 3. g3 d5 4. Bg2 dxc4 5. Nf3 a6 6. 0-0 Nc6 7. e3 Bd7 8. Qe2 Bd6 9. Nc3 0-0 10. Qxc4 Rb8 11. b3 e5 12. Bb2 Qe7 13. Rfe1 Rfe8 14. dxe5 Nxe5 15. Nxe5 Bxe5 16. Nd5 Nxd5 17. Bxe5 Qxe5 18. Bxd5 Re7 1/2-1/2

[Event "GER-chT10 LJ-01 Br01 email"]
[Site "GER email"]
[Date "2013.10.04"]
[Round "?"]
[White "Kribben, Matthias"]
[Black "Schwenck, Mathias"]
[Result "1/2-1/2"]
[WhiteElo "2338"]
[BlackElo "2277"]
[PlyCount "80"]
[EventDate "2013.10.15"]
[EventType "tourn (corr)"]
[EventRounds "8"]
[EventCountry "GER"]
[SourceTitle "Corr 2020"]
[Source "ChessBase"]
[SourceDate "2019.09.30"]
[SourceVersion "1"]
[SourceVersionDate "2019.09.30"]
[SourceQuality "1"]

1. d4 Nf6 2. Bg5 Ne4 3. Bf4 c5 4. f3 Qa5+ 5. c3 Nf6 6. d5 Qb6 7. Bc1 e6 8. c4 exd5 9. cxd5 c4 10. Nc3 Bc5 11. e3 0-0 12. Bxc4 Bxe3 13. Bxe3 Qxe3+ 14. Nge2 d6 15. Qd4 Qxd4 16. Nxd4 Nbd7 17. Bb3 Ne5 18. Rd1 Bd7 19. Kf2 a5 20. a4 Rfc8 21. Ndb5 Ra6 22. Rhe1 g5 23. Rd4 Kf8 24. Bd1 Bxb5 25. Nxb5 h6 26. Re2 Rc5 27. Bb3 Ne8 28. g3 Rb6 29. f4 gxf4 30. gxf4 Ng4+ 31. Kf3 Ngf6 32. Red2 Ng7 33. Rc4 Nf5 34. Ba2 Ke7 35. Rxc5 dxc5 36. d6+ Nxd6 37. Nxd6 Rxd6 38. Rxd6 Kxd6 39. Bxf7 b6 40. Bc4 Ke7 1/2-1/2

[Event "Berlin-ch QT"]
[Site "Berlin"]
[Date "2013.04.07"]
[Round "9"]
[White "Kribben, Matthias"]
[Black "Steiner, Wolfram"]
[Result "1/2-1/2"]
[WhiteElo "2128"]
[BlackElo "2037"]
[PlyCount "84"]
[EventDate "2013.03.30"]
[EventType "swiss"]
[EventRounds "9"]
[EventCountry "GER"]
[SourceTitle "EXT 2023"]
[Source "ChessBase"]
[SourceDate "2022.10.05"]
[SourceVersion "1"]
[SourceVersionDate "2022.10.05"]
[SourceQuality "1"]

1. e4 e5 2. Nf3 Nc6 3. Bc4 Bc5 4. c3 Nf6 5. d4 exd4 6. cxd4 Bb4+ 7. Bd2 Nxe4 8. Bxb4 Nxb4 9. Bxf7+ Kxf7 10. Qb3+ d5 11. Ne5+ Kg8 12. Qxb4 Qf6 13. 0-0 h5 14. Nc3 Nxc3 15. bxc3 h4 16. c4 h3 17. g3 Rh5 18. f4 b6 19. cxd5 a5 20. Qb3 Qd6 21. Qf3 Rh6 22. Rac1 Bb7 23. Nc6 Re8 24. Kh1 Re3 25. Qxe3 Qxd5+ 26. Rf3 Bxc6 27. Rxc6 Qxc6 28. Kg1 Rd6 29. Qb3+ Qd5 30. Qxd5+ Rxd5 31. Rc3 c5 32. dxc5 bxc5 33. g4 Rd2 34. Rxh3 Rxa2 35. Rc3 Ra4 36. Rxc5 Rxf4 37. h3 a4 38. Ra5 Rb4 39. Kg2 Kf7 40. g5 Kg6 41. Kg3 Rb3+ 42. Kg4 Rb4+ 1/2-1/2

[Event "Berlin-ch QT"]
[Site "Berlin"]
[Date "2013.04.05"]
[Round "7"]
[White "Buttkus, Andree"]
[Black "Kribben, Matthias"]
[Result "1-0"]
[WhiteElo "2041"]
[BlackElo "2128"]
[PlyCount "71"]
[EventDate "2013.03.30"]
[EventType "swiss"]
[EventRounds "9"]
[EventCountry "GER"]
[SourceTitle "EXT 2023"]
[Source "ChessBase"]
[SourceDate "2022.10.05"]
[SourceVersion "1"]
[SourceVersionDate "2022.10.05"]
[SourceQuality "1"]

1. d4 d5 2. Nf3 Nf6 3. e3 e6 4. Bd3 c5 5. b3 Bd6 6. Bb2 Nc6 7. 0-0 Bd7 8. a3 a6 9. Nbd2 b5 10. dxc5 Bxc5 11. e4 dxe4 12. Nxe4 Nxe4 13. Bxe4 f5 14. Ne5 Nxe5 15. Bxa8 Qxa8 16. Bxe5 Bc6 17. Qh5+ g6 18. Qh6 Rf8 19. Qxh7 g5 20. Rad1 Bxa3 21. Bd6 Bxd6 22. Rxd6 Qc8 23. Re1 Bd7 24. Qg6+ Ke7 25. Red1 Rd8 26. Qxg5+ Ke8 27. Qg8+ Ke7 28. Qg7+ Ke8 29. h4 a5 30. h5 Qxc2 31. Qg8+ Ke7 32. Rxd7+ Rxd7 33. Qg7+ Ke8 34. Qxd7+ Kf8 35. Qd8+ Kg7 36. Qg5+ 1-0